000 00511nam a2200181Ia 4500
005 20250326125123.0
008 250326s9999 xx 000 0 und d
037 _aTextbook
040 _aFMSL
_beng
_cFMSL
041 _aeng
_2eng
084 _aX:91 K6
_qFMSL
100 _aSmith D
_9325008
245 0 _aGroup assessment programmes the measurement of indirect work
_cSmith D
260 _aLondon
_bLondon, Business
_c1966
300 _a286p
942 _cTB
_hX:91 K6
999 _c1276638
_d1276638